000 00858nam a22002297a 4500
001 19102
003 BD-RjUL
005 20211209000402.0
008 140223r19931981ii ||||| |||| 00| 0 eng d
035 _a(BD-RjUL)19160
040 _aBD-RjUL
_beng
_cBD-RjUL
041 _aeng
082 _219
_a664.11
_bMAH 1993
100 1 _aMathur, Ram Behari Lal
_958869
245 1 _aHandbook of cane sugar technology :
_btogether with description of the machinery /
_cRam Behari Lal Mathur
260 _aNew Delhi :
_bOxford & IBH Pub. Co.
_c1981 [Reprinted 1993]
300 _axii, 498 p. :
_b ill. ;
_c22 cm.
650 _2
_aSugar
_xManufacture and refining
_vHandbooks, manuals, etc.
_9163411
650 _aSugar factories
_xEquipment and supplies
_9163412
650 _aSugar factories
_xEquipment and supplies
_vHandbooks, manuals, etc.
_9163413
942 _2ddc
_cBK
999 _c19102
_d19102